| 000 | nam a22 7a 4500 | ||
|---|---|---|---|
| 999 |
_c127136 _d127136 |
||
| 008 | 171020b xxu||||| |||| 00| 0 eng d | ||
| 050 | _aBX2179.l8W343 2012 | ||
| 100 |
_aWatson, William _930075 |
||
| 245 |
_aSacred story: _ban ignatian examen for the third millenium _c/ William Watson |
||
| 300 |
_a290p. _c15cm. |
||
| 942 |
_2lcc _cMONOGRAPH |
||